01407nam a22003017a 45000010005000000030006000050050017000110080041000280200018000690400029000870500018001160820010001341000016001442450083001602500041002432600030002843000039003145050007003535200446003605210018008065210018008246500033008426500031008757000029009069420015009359990015009509520140009657893FISKH20250813100613.0250813b cb ||||| |||| 00| 0 eng d a9780194790710 aFISKHbengcFISKHdFISKH aPE1126.A4 S54 a428.6 aWest, Clare aSherlock Holmes short stories /cSir Arthur Conan Doyle ; Retold by Clare West aThis edition first published in 1989 aNew York :bOxford,c1989 a56 pages :billustrations ;c20 cm aN  aSherlock Holmes is the greatest detective of them all. He sits in his room, and smokes his pipe. He listens, and watches, and thinks. He listens to the steps coming up the stairs; he watches the door opening - and he knows what question the stranger will ask. In these three of his best stories, Holmes has three visitors to the famous flat in Baker Street - visitors who bring their troubles to the only man in the world who can help them. 8 a550 bLexile 8 aN bRaz-Plus  2Readers L2aOxford Bookworms 2Elementary-HighaJAN CAREW aMarks, Alandillustrator 2ddccBKn0 c7893d7893 00102ddc40708JUVFa002b002cTTP Yellow d2025-08-13l0oWES 428.6 PE1126.A4 S54pFIS00304r2025-08-13 10:06:11t1w2025-08-13yBK